Normal view
MARC view
- Shukla, SK
Entry Personal Name
001 - CONTROL NUMBER
- control field: 7154
003 - CONTROL NUMBER IDENTIFIER
- control field: OSt
005 - DATE AND TIME OF LATEST TRANSACTION
- control field: 20250215112422.0
008 - FIXED-LENGTH DATA ELEMENTS
- fixed length control field: 250215|| aca||aabn | a|a d
040 ## - CATALOGING SOURCE
- Original cataloging agency: OSt
- Transcribing agency: OSt
100 ## - HEADING--PERSONAL NAME
- Personal name: Shukla, SK
670 ## - SOURCE DATA FOUND
- Source citation: Work cat.: (OSt)19385: Shukla, SK, Water Resources Planning and Development, 1992.
